Predpoklady a požiadavky pre použitie IFRS účtovnými jednotkami v SR a zabezpečenie komparability informácií v účtovných závierkách

Prijatie Medzinárodných štandardov pre finančné vykazovanie do národnej úpravy účtovníctva SR. Harmonizácia finančných informácií účtovnými jednotkami. Zavedený súbor požiadaviek, ktorý musí byť účtovnými jednotkami dodržiavaný. Nariadenia, ktorými sa implementujú zmeny v Medzinárodných štandardoch...

Ausführliche Beschreibung

Gespeichert in:
Bibliographische Detailangaben
1. Verfasser: Mokošová, Daša, 1979-
Format: Buchkapitel
Sprache:Slowakisch
Schlagworte:
Tags: Tag hinzufügen
Keine Tags, Fügen Sie das erste Tag hinzu!

MARC

LEADER 00000naa a2200000 4500
001 0270949
005 20240502074243.7
041 0 |a slo 
044 |a SK 
245 1 0 |a Predpoklady a požiadavky pre použitie IFRS účtovnými jednotkami v SR a zabezpečenie komparability informácií v účtovných závierkách  |c Daša Mokošová 
520 |a Prijatie Medzinárodných štandardov pre finančné vykazovanie do národnej úpravy účtovníctva SR. Harmonizácia finančných informácií účtovnými jednotkami. Zavedený súbor požiadaviek, ktorý musí byť účtovnými jednotkami dodržiavaný. Nariadenia, ktorými sa implementujú zmeny v Medzinárodných štandardoch pre finančné vykazovanie do práva Európskej únie. 
610 2 0 |a Európska únia 
610 2 0 |a IFRS 
610 2 0 |a informácie ekonomické 
610 2 0 |a závierka účtovná 
100 1 |a Mokošová, Daša, 1979-